|
|
แสดงรายละเอียดบรรณานุกรม |
|
|
Brief Record
: Get Marc (ISO 2709)
: E-mail record
: |
| LEADER 00000nama 2200000uu 4500 | |||
| 008 040531s2548 th m m a000 0 tha d | |||
| 020 974-506-340-1 | |||
| 041 tha | |||
| 050 วจ WG100 ว665ผ | |||
| 100 วิมลนิจ สิงหะ | |||
| 245 ผลของโปรแกรมการสร้างพลังต่อการรับรู้ความสามารถแห่งตนพฤติกรรมการดูแลตนเองและระดับความดันโลหิตของผู้ที่มีความดันโลหิตสูงเกินระดับปกติในชุมชน | |||
| 260 สระบุรี วพบ. 2548 | |||
| 300 90 หน้า | |||
| 650 คาวมดันโลหิตสูง - วิจัย | |||
| 995 400 | |||
| คุณยังไม่ได้ล็อกอิน คุณสามารถมีกิจกรรมร่วมกับเว็บไซต์ได้ แต่ต้องล็อกอินก่อน :: |
|
| สถานะ | |||||||||
| 1. | หนังสือทั่วไป | วจ WG100 ว665ผ 2548 | On Shelf ขอยืม | ||||||
| [แสดง 1/1 รายการ] | |||||||||
| รายการใกล้เคียง ผู้แต่ง [วิมลนิจ สิงหะ] |
BibComment |
| คอมเมนท์ทรัพยากรรายการนี้ |
|
|